000 00439nam a2200145Ia 4500
008 100204s9999 xx 000 0 und d
082 _b11119
100 _aकापसे राम
245 _aलॅटिन आयोग
260 _b"गौरा प्रकाशन, डोंबिवली"
_c1988
300 _a76
630 _aलॅटिन आयोग
730 _aलॅटिन आयोग
942 _cBOOK
999 _c455555
_d455552